000 00328nam a22001217a 4500
082 _a347.5491
_bBUT
100 _aButt, M. Rafique
245 _aPunjab Pre-Emption Act (IX of 1991) /
_cM. Rafique Butt
260 _aLahore :
_bMansoor Book House,
_cN.A.
300 _a125 p. ;
_c24 cm.
563 _aHB.
942 _2ddc
_cBK
999 _c616051
_d616051